000 01337nam a22003137a 4500
999 _c65965
_d65965
005 20240530110852.0
008 200912s2019 ua a f b 000 0dara d
017 _a2015/9105
_bمصر. دار الكتب
020 _a9789779202532
040 _aEG-CaGPL
_cEG-CaGPL
082 0 4 _221
_a333.91\
_bق/ت ن
100 1 _aتفيدت ، تيرجى
245 1 0 _aنهر النيل فى عصر ما بعد الاستعمار :
_bالصراع والتعاون بين دول حوض النيل /
_cتحرير تيرجى تفيدت ؛ ترجمة نادر نورالدين محمد ؛ تقديم السيد فليفل
250 _aط.1
260 _aالقاهرة :
_bالمركز القومى للترجمة ،
_c2019
300 _a479 ص. ؛
_c24 سم.
490 0 _aالمركز القومى للترجمة ؛
_v3133
504 _aيشتمل على ارجاعات ببليوجرافية
650 0 7 _2qrmak
_aدول حوض النيل
650 0 7 _aمشكلة المياه
650 0 7 _aنهر النيل
_2qrmak
650 0 7 _aالمياه
_xقوانين وتشريعات
650 0 7 _aمصادر المياه
_2qrmak
651 _2qrmak
700 0 _aنادر نورالدين محمد
_eمترجم
700 0 _aالسيد فليفل
_eمقدم
942 _2ddc
_cBK